Państwa w języku szwedzkim - Statystyki

Ogólne statystyki
  • Ten quiz został rozwiązany 443 razy
  • Średni wynik to 16 z 21
Statystyki odpowiedzi
Szwedzki Polskie % Poprawnych
Litauen Litwa
99%
Spanien Hiszpania
96%
Polen Polska
96%
Österrike Austria
95%
Cypern Cypr
95%
Ryssland Rosja
95%
Nederländerna Holandia
94%
Norge Norwegia
94%
Schweiz Szwajcaria
93%
Frankrike Francja
91%
Grekland Grecja
91%
Estland Estonia
88%
Sverige Szwecja
86%
Sydafrika Republika Południowej Afryki
71%
Lettland Łotwa
65%
Förenta Staterna Stany Zjednoczone
56%
Förenade kungariket Wielka Brytania
54%
Ungern Węgry
51%
Kina Chiny
49%
Tyskland Niemcy
35%
Vitryssland Białoruś
18%
Nie znaleziono quizów pasujących do podanych kryteriów
Rozkład punktacji
Procent ludzi z każdym wynikiem
Percentyl według liczby udzielonych odpowiedzi
Twoja historia wyników
Nie rozwiązałeś tego quizu